000
00256cam a22000977a 4500
008
180718b1961 xxu||||| |||| 00| 0 eng d
082
_a
L900x5412
245
_a
The West Bengal audit manual
260
_a
Delhi
_b
Govt. Of India Press
_c
1961
300
_a
2v,210+p.
999
_c
500673
_d
500673